00419nam a22001457a 450000500170000001000130001702000240003003500130005403500130006703700130008024500950009326000470018830000250023570000130026020190906185119.0 aB-164298 a8173052212c 490.00 aB-164297 aB-164298 aDPLbENG aSri Shiva Lila :bThe play of the divine in the form of Lord Shiva /cnarrated by Vanamali aNew DelhibAryan Books Internationalc2002 axiii, 211p.c22 cms. aVanamali